| 000 | 00863nas a2200289 4500 | ||
|---|---|---|---|
| 001 | BR9508936 | ||
| 003 | BR-BrBNA | ||
| 005 | 20231205095518.0 | ||
| 007 | ta | ||
| 008 | 230509b bl.|||p| |||| 00| 00por d | ||
| 040 |
_aBR-BrBNA _bpor _cBiblioteca Nacional de Agricultura |
||
| 041 | _a(Pt) | ||
| 072 | _aH01 | ||
| 100 | 1 | _aMariconi, F.A.M. | |
| 100 | 1 | _aGalan, V.B. | |
| 100 | 1 | _aRocha, M.T. | |
| 100 | 1 | _aMaule, R.F. | |
| 100 | 1 | _aPassos, H.R. | |
| 100 | 1 | _aSilva, R.A.A. | |
| 245 | 1 | _aEnsaios de combate ao cupim de monte Cornitermes cumulans (Kollar, 1832)(Isoptera, Termitidae) | |
| 650 | _aCupim | ||
| 650 | _aInseticida Granulado | ||
| 650 | _aControle Quimico | ||
| 773 | 0 |
_tScientia Agricola (Brazil) _xISSN 0103-9016 _g(Sep-Dec 1994), v. 51(3) p. 505-508 _wBR9508936 |
|
| 909 |
_a202311 _bLúcia _c55 _dLúcia Elande |
||
| 942 |
_2AGRIS _n0 _cANA |
||
| 999 |
_c151132 _d151132 |
||